[Event "23. Schweinfurt Open"]
[Site "Schweinfurt"]
[Date "2013.06.02"]
[Round "7.3"]
[White "Yalcin, Alparslan"]
[Black "Poßke, Thore"]
[Result "0-1"]
[WhiteElo "2027"]
[BlackElo "1900"]
[PlyCount "46"]
[EventDate "2013.05.30"]
[Source "SK SW 2000"]
[SourceDate "2013.06.02"]

1. e4 c6 2. d4 d5 3. e5 Bf5 4. Nf3 e6 5. Be2 Nd7 6. O-O Qc7 7. c3 f6 8. exf6
gxf6 9. Nh4 Bg6 10. Bg4 e5 11. dxe5 fxe5 12. c4 dxc4 13. Nxg6 hxg6 14. Qc2
O-O-O 15. Qxg6 Be7 16. Bg5 Bxg5 17. Qxg5 Nh6 18. Bh3 Rdg8 19. Qe3 e4 20. Qxa7
Ng4 21. Qa8+ Nb8 22. Bxg4+ Rxg4 23. g3 Qh7 0-1

[Event "23. Schweinfurt Open"]
[Site "Schweinfurt"]
[Date "2013.06.02"]
[Round "7.4"]
[White "Seidens, Udo"]
[Black "Amtmann, Florian"]
[Result "1-0"]
[WhiteElo "2237"]
[BlackElo "2171"]
[PlyCount "75"]
[EventDate "2013.05.30"]
[Source "SK SW 2000"]
[SourceDate "2013.06.02"]

1. c4 g6 2. g3 Bg7 3. Bg2 d6 4. Nc3 e5 5. e3 f5 6. Nge2 Nf6 7. O-O O-O 8. d3
Nc6 9. Bd2 g5 10. f4 gxf4 11. gxf4 Kh8 12. Nd5 Ne7 13. Qe1 Ng6 14. Ba5 Nxd5 15.
Bxd5 Qe7 16. Bc3 c6 17. Bg2 Nh4 18. Ng3 Nxg2 19. Kxg2 c5 20. h3 Bd7 21. Kh2 Bf6
22. Nh5 Bh4 23. Qe2 h6 24. Rg1 Rg8 25. fxe5 dxe5 26. Nf4 Kh7 27. Nd5 Qd6 28.
Qh5 Bg5 29. e4 Be8 30. Qf3 f4 31. b4 b6 32. bxc5 bxc5 33. Rab1 Bc6 34. Qh5 Bxd5
35. cxd5 Rg7 36. Rxg5 Rxg5 37. Rb7+ Kh8 38. Qf7 1-0

[Event "23. Schweinfurt Open"]
[Site "Schweinfurt"]
[Date "2013.06.02"]
[Round "7.5"]
[White "Heller, Thomas"]
[Black "Schmitt, Philipp"]
[Result "0-1"]
[WhiteElo "1801"]
[BlackElo "2158"]
[PlyCount "76"]
[EventDate "2013.05.30"]
[Source "SK SW 2000"]
[SourceDate "2013.06.02"]

1. d4 e6 2. Nf3 d5 3. Nbd2 Nf6 4. e3 c5 5. Bb5+ Bd7 6. Qe2 Bd6 7. dxc5 Bxc5 8.
Ne5 O-O 9. Bxd7 Nbxd7 10. Qb5 a6 11. Qxb7 Nxe5 12. Qb3 Qa5 13. O-O Rab8 14. Qc3
Qxc3 15. bxc3 Rfc8 16. Nb3 Be7 17. a4 Nc4 18. Rd1 Ne4 19. Rd3 Ne5 20. Rd1 Nxc3
21. Re1 Nc4 22. f4 Bf6 23. Nd4 Rc7 24. g3 Bxd4 25. exd4 Rcb7 26. f5 Rb1 27. Bf4
Rxa1 28. Rxa1 Ne2+ 29. Kf2 Nxf4 30. gxf4 Rb2 31. Re1 Rxc2+ 32. Kg3 Rc3+ 33. Kg4
Ne3+ 34. Kg5 h6+ 35. Kh5 Nxf5 36. a5 g6+ 37. Kg4 f6 38. Re3 Rxe3 0-1

[Event "23. Schweinfurt Open"]
[Site "Schweinfurt"]
[Date "2013.06.02"]
[Round "7.6"]
[White "von der Linden, Armin"]
[Black "Bräutigam, Thomas"]
[Result "0-1"]
[WhiteElo "1976"]
[BlackElo "2116"]
[PlyCount "46"]
[EventDate "2013.05.30"]
[Source "SK SW 2000"]
[SourceDate "2013.06.02"]

1. d4 Nf6 2. Nf3 g6 3. Bg5 Bg7 4. Nbd2 d5 5. c4 O-O 6. e3 c5 7. cxd5 cxd4 8.
Nxd4 Qxd5 9. N4f3 Nc6 10. Bc4 Qa5 11. O-O b5 12. Be2 Rd8 13. Qc1 Qb6 14. Qc2
Be6 15. Nb3 Nb4 16. Qc5 Qxc5 17. Nxc5 Bxa2 18. Bxb5 Bd5 19. Na6 Nxa6 20. Rxa6
Rab8 21. Ra5 Bxf3 22. gxf3 Rd5 23. Rxa7 Rxg5+ 0-1

[Event "23. Schweinfurt Open"]
[Site "Schweinfurt"]
[Date "2013.06.02"]
[Round "7.7"]
[White "Markwardt, Sven"]
[Black "Krenz, Dieter"]
[Result "0-1"]
[WhiteElo "1760"]
[BlackElo "2028"]
[PlyCount "190"]
[EventDate "2013.05.30"]
[Source "SK SW 2000"]
[SourceDate "2013.06.02"]

1. c4 Nf6 2. g3 g6 3. Nc3 Bg7 4. Bg2 O-O 5. e3 c6 6. Nge2 d6 7. O-O e5 8. d3
Nbd7 9. Rb1 a5 10. a3 Qe7 11. b4 axb4 12. axb4 Rd8 13. b5 Nb8 14. Bb2 d5 15.
Ra1 Rxa1 16. Qxa1 dxc4 17. dxc4 Be6 18. Qa7 Qb4 19. Ba3 Qxc4 20. bxc6 bxc6 21.
Rb1 Nbd7 22. Qc7 Ra8 23. Be7 e4 24. Qb7 Re8 25. Bd6 Nd5 26. Nxd5 Qxd5 27. Ba3
Qd3 28. Nf4 Qxa3 29. Nxe6 Nc5 30. Nxc5 Qxc5 31. Qd7 Re6 32. Bh3 Rf6 33. Qd8+
Qf8 34. Qc7 Qd6 35. Qc8+ Bf8 36. Rb2 Kg7 37. Qb8 c5 38. Bf1 Qe6 39. Rc2 Bd6 40.
Qb5 h5 41. h4 Qg4 42. Qe2 Qf5 43. Bg2 Re6 44. Rc4 Qd5 45. Rc1 Be7 46. Bf1 Rb6
47. Qc4 Qf5 48. Qe2 Qf6 49. Kg2 Rb2 50. Rc2 Rb1 51. Rc4 Qf3+ 52. Qxf3 exf3+ 53.
Kg1 f5 54. Rc2 Kf6 55. Rc4 Ke5 56. Rc2 Kd5 57. Rd2+ Kc6 58. Rc2 Bf6 59. Rc4 Bb2
60. Rc2 Ba3 61. Ra2 Bb4 62. Ra6+ Kd5 63. Rxg6 c4 64. Rg5 c3 65. Rxf5+ Kd6 66.
Rf6+ Kc5 67. Rf5+ Kb6 68. Rb5+ Kc6 69. Rxb4 Rxb4 70. Bd3 Rb2 71. Kh2 c2 72.
Bxc2 Rxc2 73. g4 hxg4 74. Kg3 Kd6 75. Kxg4 Rxf2 76. h5 Ke5 77. h6 Kf6 78. e4
Rf1 79. e5+ Kg6 80. e6 Re1 81. h7 Kxh7 82. Kxf3 Rxe6 83. Kf4 Kg7 84. Kf5 Kf7
85. Kf4 Kf6 86. Kg4 Re5 87. Kf4 Ke6 88. Kg4 Rf5 89. Kg3 Ke5 90. Kg4 Ke4 91. Kg3
Rf4 92. Kg2 Ke3 93. Kg3 Rb4 94. Kg2 Rg4+ 95. Kf1 Rg5 0-1

[Event "23. Schweinfurt Open"]
[Site "Schweinfurt"]
[Date "2013.06.02"]
[Round "7.8"]
[White "Häusler, Yannick"]
[Black "Neubauer, Jaro"]
[Result "1/2-1/2"]
[WhiteElo "1857"]
[BlackElo "2027"]
[PlyCount "44"]
[EventDate "2013.05.30"]
[Source "SK SW 2000"]
[SourceDate "2013.06.02"]

1. e4 e5 2. f4 Bc5 3. Nf3 d6 4. Bc4 Nf6 5. Nc3 Nc6 6. d3 O-O 7. Na4 Bb6 8. Nxb6
axb6 9. a3 Be6 10. Bxe6 fxe6 11. fxe5 dxe5 12. O-O Qd6 13. Kh1 b5 14. Bd2 Nd4
15. Rc1 Nxf3 16. Rxf3 Nd7 17. Rxf8+ Rxf8 18. Qe2 c5 19. Rf1 Nb8 20. Rxf8+ Qxf8
21. Kg1 Nc6 22. Qf2 b6 1/2-1/2

[Event "23. Schweinfurt Open"]
[Site "Schweinfurt"]
[Date "2013.06.02"]
[Round "7.9"]
[White "Neuberg, Hans-Gerhard"]
[Black "Wiener, Horst"]
[Result "1-0"]
[WhiteElo "1992"]
[BlackElo "1909"]
[PlyCount "59"]
[EventDate "2013.05.30"]
[Source "SK SW 2000"]
[SourceDate "2013.06.02"]

1. e4 e6 2. d4 d5 3. Nd2 Nf6 4. e5 Nfd7 5. f4 c5 6. c3 Nc6 7. Ndf3 Qb6 8. Ne2
Be7 9. g3 O-O 10. Bh3 g6 11. O-O cxd4 12. cxd4 a5 13. Qd2 a4 14. Kh1 Na5 15. f5
Nc4 16. Qh6 Re8 17. Ng5 Bxg5 18. Bxg5 exf5 19. Rae1 f6 20. exf6 Nxf6 21. Nf4
Re4 22. Nxg6 Bd7 23. Ne5 Rxe5 24. dxe5 Ne8 25. Qxb6 Nxb6 26. e6 Bc6 27. Rxf5
Nd6 28. Rf4 Ne4 29. Bh6 Nc4 30. e7 1-0

[Event "23. Schweinfurt Open"]
[Site "Schweinfurt"]
[Date "2013.06.02"]
[Round "7.10"]
[White "Kilian, Markus"]
[Black "Helgert, Johannes"]
[Result "1/2-1/2"]
[WhiteElo "1811"]
[BlackElo "2024"]
[PlyCount "31"]
[EventDate "2013.05.30"]
[Source "SK SW 2000"]
[SourceDate "2013.06.02"]

1. Nf3 e6 2. d4 Nf6 3. c4 Bb4+ 4. Bd2 Qe7 5. Nc3 O-O 6. e3 d6 7. a3 Bxc3 8.
Bxc3 Ne4 9. Qc2 Nxc3 10. Qxc3 Nc6 11. Be2 e5 12. d5 Nb8 13. e4 f5 14. Bd3 fxe4
15. Bxe4 Bf5 16. Bxf5 1/2-1/2

[Event "23. Schweinfurt Open"]
[Site "Schweinfurt"]
[Date "2013.06.02"]
[Round "7.11"]
[White "Gould, Charles"]
[Black "Volkamer, Tobias"]
[Result "1-0"]
[WhiteElo "1969"]
[BlackElo "1737"]
[PlyCount "23"]
[EventDate "2013.05.30"]
[Source "SK SW 2000"]
[SourceDate "2013.06.02"]

1. f4 d5 2. b3 Nf6 3. e3 Bf5 4. Bb2 Nbd7 5. Nf3 e6 6. Be2 Bd6 7. O-O O-O 8. Ne5
a6 9. d3 c6 10. Qe1 Qb6 11. Qg3 Bc5 12. Nxd7 1-0

[Event "23. Schweinfurt Open"]
[Site "Schweinfurt"]
[Date "2013.06.02"]
[Round "7.12"]
[White "Klüber, Werner"]
[Black "Wolf, Pablo"]
[Result "1-0"]
[WhiteElo "1958"]
[BlackElo "1506"]
[PlyCount "109"]
[EventDate "2013.05.30"]
[Source "SK SW 2000"]
[SourceDate "2013.06.02"]

1. d4 d5 2. c4 e6 3. Nc3 Nf6 4. Nf3 Bb4 5. a3 Bxc3+ 6. bxc3 c5 7. cxd5 Nxd5 8.
Qc2 cxd4 9. cxd4 Nc6 10. e3 Bd7 11. Bd2 Rc8 12. Qb2 Nc7 13. Bd3 O-O 14. O-O b6
15. Rfc1 Re8 16. Rc2 Ne7 17. e4 Ba4 18. Rc3 f6 19. Rac1 Qd7 20. Bc2 Bxc2 21.
R1xc2 Na6 22. Be3 Rxc3 23. Rxc3 Rc8 24. Rxc8+ Qxc8 25. h3 Qc6 26. Nd2 Nc7 27.
f3 Qb5 28. Qc3 Qc6 29. Qb4 Ng6 30. Qc4 Qd6 31. Qb3 Qg3 32. Nf1 Qe1 33. Qc4 Ne8
34. Qxe6+ Kf8 35. Bd2 Nf4 36. Qxe8+ Kxe8 37. Bxe1 Ne2+ 38. Kf2 Nxd4 39. Bc3 Nb5
40. Bb2 Nd6 41. Nd2 Ke7 42. g3 g5 43. Bc3 Ke6 44. Ke3 f5 45. e5 Nf7 46. f4
gxf4+ 47. gxf4 Nd8 48. Nf3 h6 49. Nd4+ Kf7 50. Nxf5 Kg6 51. Ke4 Nb7 52. Bb4 a5
53. Bf8 Kf7 54. Nd6+ Nxd6+ 55. Bxd6 1-0

[Event "23. Schweinfurt Open"]
[Site "Schweinfurt"]
[Date "2013.06.02"]
[Round "7.13"]
[White "Herda, Christoph"]
[Black "Roth, Jakob"]
[Result "0-1"]
[WhiteElo "1917"]
[BlackElo "1582"]
[PlyCount "82"]
[EventDate "2013.05.30"]
[Source "SK SW 2000"]
[SourceDate "2013.06.02"]

1. Nc3 d5 2. e4 c6 3. Qf3 d4 4. Bc4 Nf6 5. e5 dxc3 6. exf6 cxd2+ 7. Bxd2 exf6
8. O-O-O Nd7 9. Nh3 Be7 10. Bxf7+ Kxf7 11. Ng5+ Ke8 12. Rhe1 fxg5 13. Bxg5 Rf8
14. Qh5+ Rf7 15. Rxe7+ Qxe7 16. Bxe7 Kxe7 17. Qxh7 Nf6 18. Qh4 Be6 19. Qb4+ Ke8
20. Re1 Re7 21. a3 Kf7 22. h3 Rae8 23. Qf4 Bd5 24. Rxe7+ Rxe7 25. g4 Ke6 26. g5
Nd7 27. Qg4+ Kd6 28. f4 Nc5 29. h4 Re4 30. Qc8 Bc4 31. Qf8+ Re7 32. Qb8+ Kd5
33. Qg8+ Kd4 34. c3+ Kd3 35. Qh7+ Ke3 36. Qc2 Nb3+ 37. Kd1 Rd7+ 38. Ke1 Rd2 39.
Qf5 Re2+ 40. Kf1 Nd2+ 41. Kg1 Nf3+ 0-1

[Event "23. Schweinfurt Open"]
[Site "Schweinfurt"]
[Date "2013.06.02"]
[Round "7.14"]
[White "Müller, Kai"]
[Black "Schneider, Johannes"]
[Result "0-1"]
[WhiteElo "1481"]
[BlackElo "1840"]
[PlyCount "48"]
[EventDate "2013.05.30"]
[Source "SK SW 2000"]
[SourceDate "2013.06.02"]

1. e4 c5 2. Nf3 d6 3. d4 cxd4 4. Nxd4 Nf6 5. Nc3 e6 6. Be3 a6 7. f4 b5 8. Qf3
Bb7 9. Bd3 Nbd7 10. Nb3 Rc8 11. O-O Be7 12. Qg3 b4 13. e5 bxc3 14. exf6 Bxf6
15. bxc3 Bxc3 16. Bd4 Bxd4+ 17. Nxd4 Qf6 18. Qe3 O-O 19. Rab1 Nc5 20. Rxb7 Nxb7
21. Bxa6 Rc7 22. Nb5 Rd7 23. Bxb7 Rxb7 24. Nxd6 Rb2 0-1

[Event "23. Schweinfurt Open"]
[Site "Schweinfurt"]
[Date "2013.06.02"]
[Round "7.15"]
[White "Schmitz, Wolfgang"]
[Black "Raaber, Arthur"]
[Result "1-0"]
[WhiteElo "2070"]
[BlackElo "1605"]
[PlyCount "81"]
[EventDate "2013.05.30"]
[Source "SK SW 2000"]
[SourceDate "2013.06.02"]

1. e4 c6 2. d4 d5 3. Nc3 dxe4 4. Nxe4 Bf5 5. Ng3 Bg6 6. Nf3 h6 7. Ne5 Bh7 8.
Bc4 e6 9. O-O Nd7 10. Kh1 Nxe5 11. dxe5 Qxd1 12. Rxd1 Bxc2 13. Rf1 Rd8 14. Be3
a6 15. Bb6 Rd7 16. Rac1 Ba4 17. Ne4 Bb5 18. Bxb5 axb5 19. Rfd1 Rd5 20. f4 f5
21. Nc3 Rxd1+ 22. Rxd1 Be7 23. a4 bxa4 24. Nxa4 Rh7 25. Bc5 g5 26. g3 Bd8 27.
Rd6 Rd7 28. Rxe6+ Kf7 29. Rd6 Rxd6 30. Bxd6 Ne7 31. Nc5 b5 32. b4 gxf4 33. e6+
Kf6 34. Bxf4 Nd5 35. Bd2 Be7 36. Nd3 h5 37. Kg2 Kxe6 38. Kf3 Bd6 39. h3 Nf6 40.
Nf4+ Ke5 41. Bc3# 1-0

[Event "23. Schweinfurt Open"]
[Site "Schweinfurt"]
[Date "2013.06.02"]
[Round "7.16"]
[White "Li, Simon"]
[Black "Bebersdorf, Claus"]
[Result "1-0"]
[WhiteElo "1223"]
[BlackElo "1991"]
[PlyCount "75"]
[EventDate "2013.05.30"]
[Source "SK SW 2000"]
[SourceDate "2013.06.02"]

1. e4 c5 2. Nf3 e6 3. d4 cxd4 4. Nxd4 Ne7 5. Nc3 a6 6. Be3 Nbc6 7. Qd2 d5 8.
exd5 Nxd5 9. Nxd5 Qxd5 10. Nxc6 Qxd2+ 11. Kxd2 bxc6 12. Be2 Bb7 13. Bf3 Be7 14.
Rad1 Rd8+ 15. Ke2 O-O 16. Bb6 Rxd1 17. Rxd1 Bf6 18. c3 Ba8 19. Rd7 Rb8 20. Be3
Rxb2+ 21. Kd3 Rb8 22. Rc7 Be5 23. Rd7 Bf6 24. Rc7 Be5 25. Rd7 Bf6 26. Kc4 Kf8
27. Ba7 Rd8 28. Rxd8+ Bxd8 29. Kc5 Ba5 30. c4 Be1 31. Kd6 Bb4+ 32. Kd7 Ba5 33.
Bc5+ Kg8 34. Bxc6 Bxc6+ 35. Kxc6 Be1 36. Bb6 Kf8 37. Kd7 Bb4 38. c5 1-0

[Event "23. Schweinfurt Open"]
[Site "Schweinfurt"]
[Date "2013.06.02"]
[Round "7.18"]
[White "Völker, Joachim"]
[Black "Malchau, Jochen"]
[Result "1/2-1/2"]
[WhiteElo "1880"]
[BlackElo "1635"]
[PlyCount "60"]
[EventDate "2013.05.30"]
[Source "SK SW 2000"]
[SourceDate "2013.06.02"]

1. e4 e5 2. Nf3 Nf6 3. Nxe5 d6 4. Nf3 Nxe4 5. d4 d5 6. Bd3 Be7 7. O-O Bg4 8.
Re1 f5 9. Be2 O-O 10. Ne5 Bxe2 11. Rxe2 Nc6 12. Nf3 Qd6 13. Nc3 a6 14. Re1 Rae8
15. Ne2 g5 16. Nd2 Qh6 17. f3 Bd6 18. Nf1 Nf6 19. Qd3 Nh5 20. Be3 Qg6 21. Bf2
Kh8 22. Nfg3 Qf7 23. Nxh5 Qxh5 24. Ng3 Bxg3 25. Bxg3 Rxe1+ 26. Rxe1 f4 27. Bf2
g4 28. fxg4 Qxg4 29. Qf3 Qf5 30. c3 Qf7 1/2-1/2

[Event "23. Schweinfurt Open"]
[Site "Schweinfurt"]
[Date "2013.06.02"]
[Round "7.19"]
[White "Hartmann, Christian"]
[Black "Trinkwalter, Jan"]
[Result "0-1"]
[WhiteElo "1554"]
[BlackElo "1688"]
[PlyCount "110"]
[EventDate "2013.05.30"]
[Source "SK SW 2000"]
[SourceDate "2013.06.02"]

1. e4 c5 2. Nc3 d6 3. g3 g6 4. Bg2 Bg7 5. d3 Nf6 6. f4 Nc6 7. h3 Rb8 8. a4 a6
9. Nge2 e6 10. O-O d5 11. e5 Ng8 12. Bd2 h5 13. Be1 Nge7 14. Bf2 b6 15. Kh2 Nf5
16. Rh1 Bb7 17. Kg1 Nb4 18. Rc1 Bc6 19. b3 Bb7 20. Qe1 Qc7 21. Rh2 Bf8 22. Bf3
Be7 23. Qd2 Kd7 24. Kh1 Rbg8 25. d4 Rc8 26. Kg1 cxd4 27. Nd1 Na2 28. Ra1 Bb4
29. Qd3 Qxc2 30. Qxc2 Rxc2 31. Nxd4 Rd2 32. Nxf5 gxf5 33. Bxb6 Rd3 34. Rf2 Nc3
35. Nxc3 Rxc3 36. Rb1 Kc6 37. a5 Bc5 38. Bxc5 Kxc5 39. b4+ Kd4 40. Rd1+ Rd3 41.
Rc1 Rg8 42. Kg2 h4 43. g4 fxg4 44. hxg4 Rc8 45. Rxc8 Bxc8 46. Rc2 Rc3 47. Rb2
Ke3 48. Bd1 d4 49. Re2+ Kxf4 50. Rf2+ Kxe5 51. Rxf7 Kd6 52. Rf8 Bd7 53. Rf4
Bc6+ 54. Kh2 Rd3 55. Rf1 Rd2+ 0-1

[Event "23. Schweinfurt Open"]
[Site "Schweinfurt"]
[Date "2013.06.02"]
[Round "7.20"]
[White "Falkenstein, Johannes"]
[Black "Hanft, Günter"]
[Result "1/2-1/2"]
[WhiteElo "1732"]
[BlackElo "1615"]
[PlyCount "77"]
[EventDate "2013.05.30"]
[Source "SK SW 2000"]
[SourceDate "2013.06.02"]

1. d4 Nf6 2. Bf4 e6 3. e3 d5 4. Nf3 Nbd7 5. Bd3 c5 6. c4 cxd4 7. exd4 Bb4+ 8.
Nc3 dxc4 9. Bxc4 Ne4 10. Qb3 Qa5 11. Rc1 O-O 12. O-O Nxc3 13. bxc3 Be7 14. Bg3
b6 15. Bxe6 Ba3 16. Bxd7 Bxd7 17. Rce1 Rac8 18. c4 Rfd8 19. Bh4 Re8 20. Rxe8+
Rxe8 21. Ne5 Be6 22. Bg3 f6 23. Nc6 Qa6 24. d5 Bf7 25. Nb8 Qa5 26. Nc6 Qa6 27.
Rd1 Be7 28. Nxe7+ Rxe7 29. d6 Rd7 30. Qb5 Qxb5 31. cxb5 Bxa2 32. Rc1 Kf7 33.
Rc2 Bb1 34. Rb2 Bd3 35. Rb3 Bf5 36. Re3 Be6 37. Re4 Bd5 38. Re7+ Rxe7 39. dxe7
1/2-1/2

[Event "23. Schweinfurt Open"]
[Site "Schweinfurt"]
[Date "2013.06.02"]
[Round "7.21"]
[White "Müller, Gerhard"]
[Black "Häusler, Luis"]
[Result "1-0"]
[WhiteElo "1854"]
[BlackElo "1428"]
[PlyCount "87"]
[EventDate "2013.05.30"]
[Source "SK SW 2000"]
[SourceDate "2013.06.02"]

1. e4 c5 2. Nf3 d6 3. d3 a6 4. Be2 b5 5. O-O Nf6 6. h3 Bb7 7. Nbd2 e6 8. Nh2
Be7 9. f4 Nc6 10. c3 d5 11. e5 Nd7 12. Bg4 c4 13. d4 f5 14. exf6 Nxf6 15. Bxe6
Qd6 16. Qe1 Nd8 17. Bf5 O-O 18. Ndf3 Bc8 19. Bc2 Ne6 20. Ne5 Nd7 21. Nhg4 Nxe5
22. Qxe5 Qxe5 23. Nxe5 a5 24. a3 Ra6 25. g3 b4 26. axb4 axb4 27. Rxa6 Bxa6 28.
Re1 bxc3 29. bxc3 Re8 30. Nc6 Bb7 31. Rxe6 Bxc6 32. Rxc6 Bf6 33. Kf2 Ra8 34.
Bb2 Ra2 35. Rb6 Bxd4+ 36. cxd4 c3 37. Bb1 Rxb2+ 38. Rxb2 cxb2 39. Ke2 Kf7 40.
Kd2 Kf6 41. g4 h6 42. h4 g5 43. fxg5+ hxg5 44. h5 1-0

[Event "23. Schweinfurt Open"]
[Site "Schweinfurt"]
[Date "2013.06.02"]
[Round "7.22"]
[White "Basel, Moritz"]
[Black "Hegel, Pius"]
[Result "1-0"]
[WhiteElo "1525"]
[BlackElo "1719"]
[PlyCount "103"]
[EventDate "2013.05.30"]
[Source "SK SW 2000"]
[SourceDate "2013.06.02"]

1. d4 Nf6 2. c4 g6 3. Nc3 Bg7 4. e4 d6 5. Nf3 O-O 6. Be2 Nbd7 7. h3 e5 8. Be3
a6 9. b4 b6 10. d5 Bb7 11. Rb1 Kh8 12. c5 Bc8 13. c6 Nb8 14. Qd2 Ng8 15. g3 f5
16. Rb3 fxe4 17. Bg5 Nf6 18. Nh4 Qe8 19. g4 Nxc6 20. dxc6 Qxc6 21. b5 axb5 22.
Bxb5 Qb7 23. O-O Be6 24. Rb2 Nd7 25. Bxd7 Bxd7 26. Nd5 Be6 27. Nc3 d5 28. Re1
Ra3 29. Be7 Rfa8 30. Bxa3 Rxa3 31. Rb3 Ra5 32. Qg5 Qc8 33. Rb2 Qf8 34. Nb5 Bf6
35. Qe3 Bxh4 36. Nxc7 Bg8 37. Qxb6 Rc5 38. Ne6 Bxe6 39. Qxe6 d4 40. Rxe4 Rc1+
41. Kg2 Rc5 42. Rxe5 Rxe5 43. Qxe5+ Bf6 44. Qb8 Qxb8 45. Rxb8+ Kg7 46. Kf3 Kh6
47. Rb5 g5 48. Rb6 Kg6 49. Rxf6+ Kxf6 50. Ke4 d3 51. Kxd3 Ke6 52. Ke4 1-0

[Event "23. Schweinfurt Open"]
[Site "Schweinfurt"]
[Date "2013.06.02"]
[Round "7.23"]
[White "Lachnit, Manfred"]
[Black "Roth, Ludwig"]
[Result "1/2-1/2"]
[WhiteElo "1613"]
[BlackElo "985"]
[PlyCount "150"]
[EventDate "2013.05.30"]
[Source "SK SW 2000"]
[SourceDate "2013.06.02"]

1. f4 d5 2. Nf3 Nf6 3. e3 c5 4. b3 Nc6 5. Bb5 Bd7 6. Bb2 e6 7. O-O Be7 8. d3
O-O 9. Nbd2 a6 10. Bxc6 Bxc6 11. Ne5 Qc7 12. Ndf3 Rfd8 13. Ng5 Rf8 14. a4 h6
15. Nxc6 Qxc6 16. Nf3 b5 17. Qe2 Bd6 18. Bxf6 gxf6 19. Qf2 Kh7 20. Qh4 Be7 21.
h3 Rg8 22. Nh2 d4 23. e4 Rae8 24. axb5 axb5 25. Qf2 Rg7 26. Qd2 Reg8 27. Rf2
Bd6 28. Ng4 Be7 29. Ra7 f5 30. Ne5 Qd6 31. Qa5 Bh4 32. Re2 f6 33. Ra6 Qb8 34.
Nf3 Qxf4 35. Qd2 Qxd2 36. Rxd2 Bg5 37. Nxg5+ fxg5 38. Rxe6 fxe4 39. Rxe4 Rc8
40. Rf2 Ra7 41. Re6 Ra1+ 42. Kh2 Ra7 43. Rff6 c4 44. Rxh6+ Kg8 45. dxc4 bxc4
46. Rhg6+ Rg7 47. bxc4 Rxc4 48. Rxg7+ Kxg7 49. Re2 Kf6 50. g4 Rc5 51. Kg2 Re5
52. Rd2 Re4 53. Rf2+ Kg6 54. Rd2 Kf6 55. Kf2 Ke5 56. Rd3 Rf4+ 57. Kg3 Rf1 58.
Rd2 Re1 59. Rf2 Ke4 60. h4 Re3+ 61. Kh2 gxh4 62. Rf7 Rg3 63. Rh7 Rxg4 64. Kh3
Rf4 65. Re7+ Kf3 66. Ra7 Ke2 67. Rc7 Rf3+ 68. Kxh4 Rc3 69. Rd7 Rc4 70. Kg3 Kd2
71. Kf3 Kxc2 72. Ke2 Kc3 73. Kd1 d3 74. Rd6 Rb4 75. Rc6+ Rc4 1/2-1/2

[Event "23. Schweinfurt Open"]
[Site "Schweinfurt"]
[Date "2013.06.02"]
[Round "7.24"]
[White "Hofmann-Weippert, Matthias"]
[Black "Scheming, Anna-Marie"]
[Result "1/2-1/2"]
[WhiteElo "1555"]
[BlackElo "1133"]
[PlyCount "56"]
[EventDate "2013.05.30"]
[Source "SK SW 2000"]
[SourceDate "2013.06.02"]

1. d4 d5 2. c4 c6 3. e3 Nf6 4. Nc3 Bf5 5. Nf3 e6 6. c5 b6 7. Nh4 bxc5 8. Nxf5
exf5 9. Qc2 cxd4 10. exd4 Qc8 11. Bd3 g6 12. O-O Be7 13. Re1 Qd8 14. Bh6 Ng4
15. Bg7 Rg8 16. Be5 Nxe5 17. Rxe5 a6 18. Rae1 Ra7 19. Qe2 Kf8 20. Re3 Qc7 21.
a3 a5 22. Re5 Bd6 23. Re8+ Kg7 24. Rxg8+ Kxg8 25. h4 Qe7 26. Qxe7 Rxe7 27. Rxe7
Bxe7 28. h5 Bg5 1/2-1/2

[Event "23. Schweinfurt Open"]
[Site "Schweinfurt"]
[Date "2013.06.02"]
[Round "7.25"]
[White "Brückner, Alexander"]
[Black "Itze, Jan-Peter"]
[Result "0-1"]
[WhiteElo "1202"]
[BlackElo "1715"]
[PlyCount "44"]
[EventDate "2013.05.30"]
[Source "SK SW 2000"]
[SourceDate "2013.06.02"]

1. e4 c6 2. d4 d5 3. exd5 cxd5 4. Nc3 Bf5 5. Nf3 e6 6. a3 Bd6 7. Bd3 Bxd3 8.
Qxd3 Nc6 9. O-O Nf6 10. h3 a6 11. Re1 Qc7 12. Bg5 O-O-O 13. Reb1 Na5 14. b4 Nc4
15. Nd2 h6 16. Be3 Nxe3 17. Qxe3 e5 18. b5 exd4 19. Qd3 dxc3 20. Nf3 a5 21. Rb3
Ne4 22. Qxd5 Bh2+ 0-1

[Event "23. Schweinfurt Open"]
[Site "Schweinfurt"]
[Date "2013.06.02"]
[Round "7.26"]
[White "Brodt, Andreas"]
[Black "Grasmik, Waldemar"]
[Result "1-0"]
[WhiteElo "1601"]
[BlackElo "1375"]
[PlyCount "67"]
[EventDate "2013.05.30"]
[Source "SK SW 2000"]
[SourceDate "2013.06.02"]

1. e4 d5 2. exd5 c6 3. dxc6 Nxc6 4. Bb5 Bd7 5. Nf3 Nf6 6. Nc3 a6 7. Ba4 b5 8.
Bb3 Bf5 9. d3 h5 10. h3 e6 11. Bg5 Be7 12. O-O Qc7 13. Nh4 Bg4 14. f3 Bxh3 15.
Qe1 Bf5 16. Nxf5 exf5 17. Bxf6 gxf6 18. Nd5 Qd6 19. c3 h4 20. d4 O-O-O 21. Kh1
Rdg8 22. f4 a5 23. a4 b4 24. Rf3 Bd8 25. Qf1 Nb8 26. Qd3 Rh5 27. Rc1 Qc6 28.
Rc2 Qd6 29. cxb4+ Kd7 30. Qb5+ Nc6 31. Qb7+ Bc7 32. b5 Nxd4 33. Rxc7+ Ke8 34.
Rc8+ 1-0

[Event "23. Schweinfurt Open"]
[Site "Schweinfurt"]
[Date "2013.06.02"]
[Round "7.27"]
[White "Grünewald, Elmar"]
[Black "Memmel, Stefan"]
[Result "1/2-1/2"]
[WhiteElo "1454"]
[BlackElo "1278"]
[PlyCount "22"]
[EventDate "2013.05.30"]
[Source "SK SW 2000"]
[SourceDate "2013.06.02"]

1. e4 e6 2. d4 d5 3. exd5 exd5 4. Nf3 Bg4 5. Be2 Be7 6. O-O Nf6 7. Re1 O-O 8.
h3 Bh5 9. Bf4 c6 10. Nbd2 Bd6 11. Bxd6 Qxd6 1/2-1/2

[Event "23. Schweinfurt Open"]
[Site "Schweinfurt"]
[Date "2013.06.02"]
[Round "7.28"]
[White "Steinerstauch, Bernd"]
[Black "Gerhard, Georg"]
[Result "1-0"]
[WhiteElo "1435"]
[BlackElo "1269"]
[PlyCount "55"]
[EventDate "2013.05.30"]
[Source "SK SW 2000"]
[SourceDate "2013.06.02"]

1. b4 e6 2. Bb2 Nf6 3. b5 c6 4. c4 Bc5 5. e3 a6 6. a4 axb5 7. axb5 Rxa1 8. Bxa1
O-O 9. Nf3 d5 10. Be2 Bb4 11. O-O Nbd7 12. d3 Qa5 13. Nbd2 cxb5 14. cxb5 Qxb5
15. d4 Qa5 16. Nb3 Qc7 17. Qd3 Ne4 18. Rc1 Qd8 19. Qc2 Nb6 20. Bd3 Nd6 21.
Bxh7+ Kh8 22. Bd3 Bd7 23. Nc5 Nbc4 24. Nxd7 Qxd7 25. Ne5 Qe7 26. Nxc4 Rc8 27.
Qe2 dxc4 28. Qh5+ 1-0

[Event "23. Schweinfurt Open"]
[Site "Schweinfurt"]
[Date "2013.06.02"]
[Round "7.29"]
[White "Lehmann, Andreas"]
[Black "Weippert, Sophia"]
[Result "0-1"]
[WhiteElo "974"]
[BlackElo "1145"]
[PlyCount "84"]
[EventDate "2013.05.30"]
[Source "SK SW 2000"]
[SourceDate "2013.06.02"]

1. e4 e6 2. b3 d5 3. exd5 exd5 4. d4 g6 5. Bd3 Bg7 6. Nf3 Nc6 7. Be3 Nge7 8.
O-O O-O 9. Nbd2 Nf5 10. Bxf5 Bxf5 11. Rc1 b5 12. c3 a5 13. a3 Qd6 14. b4 Ne7
15. Re1 axb4 16. axb4 Nc8 17. Bg5 h6 18. Bh4 g5 19. Bg3 Qd7 20. Nb3 f6 21. Nc5
Qc6 22. Qe2 Kf7 23. Ne5+ fxe5 24. Bxe5 Bxe5 25. Qh5+ Qg6 26. Qxg6+ Kxg6 27.
Rxe5 Nb6 28. h3 h5 29. f3 Rae8 30. g4 Rxe5 31. dxe5 hxg4 32. fxg4 Be4 33. Re1
Rf4 34. Rf1 Rxf1+ 35. Kxf1 Nc4 36. Nd7 Kf7 37. Ke2 Bg2 38. Nf6 Nxe5 39. Nxd5
Bxd5 40. Ke3 Kf6 41. Kd4 c6 42. Kc5 Bg2 0-1